The world on trial: (Record no. 5716)

000 -LEADER
fixed length control field 00606nam a2200181 a 4500
001 - CONTROL NUMBER
control field :::00003458$&:&@@
003 - CONTROL NUMBER IDENTIFIER
control field OkBaRHE
005 - DATE AND TIME OF LATEST TRANSACTION
control field 20000607103305.0
008 - FIXED-LENGTH DATA ELEMENTS--GENERAL INFORMATION
fixed length control field s1970 j 000 0 eng u
040 ## - CATALOGING SOURCE
Transcribing agency
100 1# - MAIN ENTRY--PERSONAL NAME
Personal name DeHaan, Richard W.
245 14 - TITLE STATEMENT
Title The world on trial:
Remainder of title studies in Romans.
260 ## - PUBLICATION, DISTRIBUTION, ETC. (IMPRINT)
Place of publication, distribution, etc Grand Rapids, MI., :
Name of publisher, distributor, etc Zondervan Publishing House
Date of publication, distribution, etc 1970
300 ## - PHYSICAL DESCRIPTION
Extent 192 p. ;
Dimensions 22 cm.
650 ## - SUBJECT ADDED ENTRY--TOPICAL TERM
Topical term or geographic name as entry element Bible New Testament Romans
General subdivision Criticism, Interpretation, etc.
942 ## - ADDED ENTRY ELEMENTS (KOHA)
Source of classification or shelving scheme
Koha item type Books
Copies
Date acquired Koha item type Not for loan Source of classification or shelving scheme Barcode Copy number Permanent Location Withdrawn status Shelving location Full call number Date last seen Damaged status Lost status Price effective from
2010-04-14Books  34581RHEMA Bible Training College General StacksBS 2665.2 .D432018-03-28  2010-04-14